| 000 | 00537nam a2200121Ia 4500 | ||
|---|---|---|---|
| 008 | 171212s9999 xx 000 0 und d | ||
| 020 | _a9780833047939 | ||
| 100 | _aChalk, Peter;Smallman, Laurence;Burger, Nicholas | ||
| 245 |
_cChalk, Peter;Smallman, Laurence;Burger, Nicholas _aCountering Piracy in the Modern Era _bNotes from a RAND Workshop to Discuss the Best Approaches for Dealing with Piracy in the 21st Century |
||
| 260 |
_bRAND Corporation _c2009 |
||
| 650 | _aPolitical Science | ||
| 856 | _uwww.jstor.org/stable/10.7249/cf269osd | ||
| 999 |
_c351902 _d351902 |
||